| Registos Bibliográficos associados ao registo de autoridade |
|
Etiqueta de registo: 00000nam 2200025 450 001 2284713 003 http://id.bnportugal.gov.pt/bib/catbnp/2284713 100 ## $a20260417d2025 k y0pory01030103ba 101 0# $aeng$dpor 102 ## $aPT 105 ## $aa m 000yy 106 ## $ar 200 1# $aColistin susceptibility testing and therapeutic drug monitoring - applications of
flow cytometry technology$fDaniela Santos Fonseca e Silva Pinto de Freitas$gorient. Cidália Pina-Vaz, Maria Helena Ramos 210 #9 $aPorto$c[s.n.],$d2025 215 ## $aXXVII, 109 p.$cil.$d30 cm 328 #1 $aTese dout. Ciências Médicas, Instituto de Ciências Biomédicas de Abel Salazar, Universidade
do Porto, 2025 675 ## $a616-073(043)$vBN$zpor$31245821 675 ## $a579.84(043)$vBN$zpor$31224994 700 #1 $aFreitas,$bDaniela Santos Fonseca e Silva Pinto de$31996228 702 #1 $aVaz,$bCidália Pina$4727$31299702 702 #1 $92$aRamos,$bMaria Helena$4727$31996230 801 #0 $aPT$bBN$gRPC 966 ## $lBN$mFGMON$sS.A. 193945 V.$x1 971 ## $corlando$d20260417 972 ## $e0$z0$d20260526$vlrevez
|
|
|